Gehen mit Gott: Leittexte aus dem Alten Testament

Wedi'i Gadw mewn:
Manylion Llyfryddiaeth
Prif Awdur: Deissler, Alfons (Awdur)
Fformat: Llyfr
Iaith:Almaeneg
Cyhoeddwyd: Stuttgart Verlag Katholisches Bibelwerk 1991
Cyfres:Stuttgarter Taschenbücher, 5
Pynciau:
Tagiau: Ychwanegu Tag
Dim Tagiau, Byddwch y cyntaf i dagio'r cofnod hwn!

MARC

LEADER 00000cam a2200000 a 4500
001 UCE6791
003 CL-VaPUC
008 150507e19910000gw |||||||||||||||||ger|d
020 |a 3460110058 
082 0 4 |a 231  |b DEI  |2 21 
100 0 |a Deissler, Alfons  |e author  |9 579397 
245 1 0 |a Gehen mit Gott: Leittexte aus dem Alten Testament 
300 |a 128 p 
942 |c BK 
945 |d 20150507 00:22:00  |a cmena 
260 |a Stuttgart  |b Verlag Katholisches Bibelwerk  |c 1991 
650 0 |a Antiguo testamento   |9 313678 
650 0 |a Crítica e interpretación   |9 255042 
650 0 |a Biblia  |9 257603 
650 0 |a Dios   |9 266622 
650 0 |a Teología   |9 258766 
583 |a last modification  |c 20150507 00:22:00  |k Rodrigo Vera 
490 0 |a Stuttgarter Taschenbücher, 5 
999 |c 358971  |d 358969 
952 |0 0  |1 0  |3 erb  |4 0  |6 231_000000000000000_DEI_1991  |7 0  |8 A  |9 467950  |a BIBTEO  |b BIBTEO  |e Casale Rolle, Carlos Ignacio, -2014  |i 5173590  |o 231 DEI 1991  |p 5173590  |r 2025-01-17  |w 2019-11-23  |y BK  |z Catalogado en:20150507  |k ICR